Classifica Pallone d'Oro 2016 - Statistics

Statistiche generali
  • Questo quiz è stato fatto 75 volte
  • Il punteggio medio è 27 su 30
Statistiche sulle risposte
Punti Nazione Squadra Calciatore % Corretto
745 Portogallo Real Madrid Cristiano Ronaldo
100%
316 Argentina Barcellona Lionel Messi
100%
1 Croazia Real Madrid Luka Modrić
98%
4 Francia Juventus / Manchester United Paul Pogba
98%
60 Galles Real Madrid Gareth Bale
97%
11 Inghilterra Leicester City Jamie Vardy
97%
91 Uruguay Barcellona Luis Suárez
97%
68 Brasile Barcellona Naymar
97%
20 Algeria Leicester City Riyad Mahrez
97%
5 Svezia Paris Saint-Germain / Manchester United Zlatan Ibrahimović
97%
198 Francia Atletico Madrid Antoine Griezmann
95%
4 Cile Bayern Monaco Arturo Vidal
95%
0 Argentina Napoli / Juventus Gonzalo Higuain
95%
3 Polonia Bayern Monaco Robert Lewandowski
95%
8 Italia Juventus Gianluigi Buffon
94%
0 Spagna Barcellona Andrés Iniesta
92%
0 Argentina Juventus Paulo Dybala
92%
7 Francia / Gabon Borussia Dortmund Pierre-Emerick Aubameyang
92%
1 Germania Real Madrid Toni Kroos
92%
0 Belgio Manchester City Kevin De Bruyne
90%
0 Argentina Manchester City Sergio Agüero
90%
0 Spagna Real Madrid Sergio Ramos
89%
0 Germania Bayern Monaco Thomas Müller
83%
0 Germania Bayern Monaco Manuel Neuer
81%
8 Brasile / Portogallo Real Madrid Pepe
79%
0 Uruguay Atletico Madrid Diego Godín
78%
0 Francia Tottenham Hugo Lloris
76%
0 Spagna Atletico Madrid Koke
75%
1 Francia West Ham Utd Dimitri Payet
65%
6 Portogallo Sporting Lisbona Rui Patricio
44%
Nessun quiz corrispondente trovato
Distribuzione punteggi
Percentuale di utenti per punteggio
Percentile per numero di risposta
I tuoi punteggi nel tempo
Non hai fatto questo quiz